000 01114nam a22003377a 4500
001 BR8003559
003 BR-BrBNA
005 20230928090629.0
007 ta
008 230509b bl.||||| |||| 00| 0 por d
040 _aBR-BrBNA
_bpor
_cBiblioteca Nacional de Agricultura
041 _a(Por)
072 _aP05; P00; E70
_b/G514
090 _ P05 BR8003559
100 1 _aSchulman, M.
110 1 _aCentrais Eletricas Brasileiras S.A., Rio de Janeiro, RJ
_91384
111 1 _a2. Simposio de Energia do Emisferio Ocidental
_cRio de Janeiro, RJ (Brazil)
_d25 Sep 1980
245 1 _aO potencial hidreletrico do Brasil [Energia eletrica; Bacia hidrografica; Eletrificacao; Consumo; Mercado nacional; Brasil]
260 3 _aRio de Janeiro, RJ (Brasil):
_c1980.
300 _a90 p.
500 _a13 illus.; 30 tables; Summary (Por)
650 _aENERGIA ELETRICA
650 _aBACIA HIDROGRAFICA
650 _aENERGIA ELETRICA
650 _aPOTENCIAL ENERGETICO
650 _aELETRIFICACAO
650 _aCONSUMO
650 _aMERCADO NACIONAL
909 _a202309
_bLucia
_c55
_dLucia Elande
942 _cBK
999 _c29731
_d29731